Logo BPK

Biblioteka

Politechniki Koszalińskiej

Britain : (Rekord nr 48578)

Szczegóły MARC
000 -ETYKIETA REKORDU
podpole kontrolne o stałej długości 00682nam a2200217 i 4500
001 - NUMER KONTROLNY REKORDU
pole kontrolne bgj
020 ## - MIĘDZYNARODOWY ZNORMALIZOWANY NUMER KSIĄŻKI - ISBN
ISBN 019432429X (pbk)
040 ## - ŹRÓDŁO KATALOGOWANIA
Instytucja, która utworzyła rekord BPK
041 0# - KOD JĘZYKA
Kod języka tekstu eng
920 ## - Międzynarodowy znormalizowany numer książki – ISBN
ISBN 0-19-432429-X (pbk)
008 - POLE O STAŁEJ DŁUGOŚCI - DANE KONTROLNE
podpole kontrolne o stałej długości s uk f |000 0 eng
100 1# - NAZWA OSOBOWA
Nazwa osobowa O'DRISCOLL, James
245 10 - TYTUŁ/ODPOWIEDZIALNOŚĆ
Tytuł Britain :
Ciąg dalszy tytułu [the country and its people: an introduction for learners of English] /
Pozostałe elementy strefy tytułu i oznaczenia odpowiedzialności James O'Driscoll.
250 ## - STREFA WYDANIA
Oznaczenie wydania [8th impr.].
260 ## - STREFA ADRESU WYDAWNICZEGO
Miejsce wydania Oxford :
Nazwa wydawcy/dystrybutora Oxford University Press,
Data publikacji, dystrybucji/powstania dokumentu 2001.
300 ## - STREFA OPISU FIZYCZNEGO
Objętość 224 pp :
Inne cechy fizyczne fig., maps, phot. colour ;
Rozmiary 26 cm.
505 ## - SFORMALIZOWANA UWAGA DOTYCZĄCA ZAWARTOŚCI
Pełny tekst uwagi Includes index.
651 #9 - HASŁO PRZEDMIOTOWE W FORMIE NAZWY GEOGRAFICZNEJ
Nazwa geograficzna Great Britain
Określnik ogólny Social life and culture
655 ## - TERMIN INDEKSOWY - OKREŚLENIE RODZAJU/FORMY DOKUMENTU
Określenie rodzaju/formy dokumentu Problems, excercises, etc.
942 ## - DODATKOWE ELEMENTY (KOHA)
Typ dokumentu Książka
Egzemplarze
Wycofany Status egzemplarza Uszkodzony Dostępność Lokalizacja stała Lokalizacja bieżąca Miejsce przechowywania Sygnatura Kod kreskowy Dział Typ dokumentu
      Tylko na miejscu Biblioteka Politechniki Koszalińskiej Biblioteka Politechniki Koszalińskiej Czytelnia Wydziałowa ul. Kwiatkowskiego 6e KA 5860 09053731 94(410) Historia Wielkiej Brytanii Książka
© 2023 Biblioteka Politechniki Koszalińskiej :: KOHA